| 000 | 00577nam a22001817a 4500 | ||
|---|---|---|---|
| 999 |
_c184203 _d184203 |
||
| 005 | 20220114130803.0 | ||
| 010 | _aENG-131137 | ||
| 020 |
_a978-8-178-2642-0 _c795.00 |
||
| 035 | _aEN-114669 | ||
| 037 | _bDBAD | ||
| 082 | _a320.5662 | ||
| 100 | _aChatterjee, Partha | ||
| 245 |
_aI am the People: _cPartha Chatterjee _bRelfections on Popular Svereignty Today/ |
||
| 260 |
_aTelangana _bOrient Blackswan Private Limited _c2020 |
||
| 270 |
_bTelangana _a3-6-752 Himayatnagar _e500029 |
||
| 300 |
_a185p. _c21cm(pbk) _bIndex |
||
| 942 |
_2ddc _cEN _h320.5662 _mCHA |
||